| 000 | 00598nam a22001937a 4500 | ||
|---|---|---|---|
| 003 | UPN | ||
| 005 | 20250821193759.0 | ||
| 008 | 250821s2004 fr|ad||fr||||i000 e eng d | ||
| 040 |
_aMX-MxUPN _bspa _cMX-MxUPN |
||
| 041 | _aeng | ||
| 050 |
_aGC1023 _bG87 2004 |
||
| 100 |
_aGupta, Harsh K. _957453 |
||
| 245 |
_aGas - Hydrates - _ba potencial source of energy from the oceans. Presented 25 june 2003 UNESCO House París |
||
| 260 |
_aParís : _bUNESCO, _c2004 |
||
| 300 | _a27 páginas | ||
| 650 | 4 |
_aOceanografía _911043 _zIndia |
|
| 902 | _aMaiella Martínez / 210825 | ||
| 942 |
_2lcc _cFOLL _n0 |
||
| 999 |
_c213846 _d213846 |
||